Netflix-Serien nach Bildern - Statistiken

Allgemein
  • Dieses Quiz wurde 11.836 mal gespielt
    9.998 seit der letzten Aktualisierung
  • Das Durchschnittsergebnis liegt bei 8 aus 16
Antwortstatistiken
Bildquiz Antwort % Korrekt
Haus des Geldes
90%
Squid Game
85%
Wednesday
84%
The Witcher
68%
Orange is the new Black
64%
Sex Education
54%
Bridgerton
51%
Elite
51%
Riverdale
50%
The Crown
46%
Ginny & Georgia
42%
The Umbrella Academy
33%
Chilling Adventures of Sabrina
30%
The Night Agent
23%
Fate: The Winx Saga
18%
Fuller House
12%
Keine übereinstimmenden Quizze gefunden
Verteilung der Resultate
Anzahl Personen mit jedem Resultat
Perzentil nach korrekt beantworteten Fragen
Ihre Resultats-Entwicklung
Sie haben dieses Quiz seit der letzten Aktualisierung nicht gespielt